[Event "GER-chT U12 Girls"]
[Site "Magdeburg"]
[Date "2023.12.28"]
[Round "3.5"]
[White "Scharfenberg, Leah"]
[Black "Rempel, Katharina"]
[Result "0-1"]
[WhiteElo "755"]
[BlackElo "867"]
[PlyCount "104"]
[EventDate "2023.12.26"]
[EventType "team-swiss"]
[EventRounds "7"]
[EventCountry "GER"]
[SourceTitle "CB03_2024"]
[SourceDate "2024.01.17"]
[SourceVersion "1"]
[SourceVersionDate "2024.01.17"]
[SourceQuality "1"]
[WhiteTeam "Porz SG"]
[BlackTeam "Erfurt Empor"]
[WhiteTeamCountry "GER"]
[BlackTeamCountry "GER"]

1. e4 e5 2. Nf3 Nc6 3. d4 d6 4. dxe5 dxe5 5. Qxd8+ Nxd8 6. Nxe5 Bc5 7. Bc4 Nf6 8. 0-0 Nc6 9. Nxf7 Rf8 10. Ng5 Nd4 11. Nc3 Nxc2 12. Rb1 Bd7 13. Bf4 0-0-0 14. e5 Ng4 15. Bg3 Bc6 16. Ne6 Rfe8 17. Nxd8 Rxd8 18. Be6+ Bd7 19. Bxg4 Bxg4 20. Bh4 Rd2 21. Rbc1 Nb4 22. Rce1 Nd3 23. Re4 Bf5 24. e6 Bxe4 25. Nxe4 Rc2 26. e7 Kd7 27. Rd1 Bxe7 28. Rxd3+ Ke8 29. Bxe7 Kxe7 30. g4 Rxb2 31. Ng5 Rxa2 32. Re3+ Kd7 33. Rf3 Ra1+ 34. Kg2 a5 35. Rf7+ Kc6 36. Rxg7 a4 37. Rxh7 a3 38. Rh6+ Kb5 39. Ne4 a2 40. g5 Rb1 41. Nc3+ Kc4 42. Nxb1 a1Q 43. Nd2+ Kc3 44. Ne4+ Kb4 45. g6 Qg7 46. Rh3 Qxg6+ 47. Ng3 c5 48. Rh4+ Kb5 49. Rf4 c4 50. h4 c3 51. h5 Qc6+ 52. f3 c2 0-1